Machine drawing / (Record no. 3372)

000 -LEADER
fixed length control field 00360nam a22001457a 4500
008 - FIXED-LENGTH DATA ELEMENTS--GENERAL INFORMATION
fixed length control field 200609b ||||| |||| 00| 0 eng d
082 00 - DEWEY DECIMAL CLASSIFICATION NUMBER
Classification number 604.2
Item number B5755
100 ## - MAIN ENTRY--PERSONAL NAME
9 (RLIN) 1437
Personal name Bhatt, N. D.
245 10 - TITLE STATEMENT
Title Machine drawing /
250 ## - EDITION STATEMENT
Edition statement 19th ed.
260 ## - PUBLICATION, DISTRIBUTION, ETC. (IMPRINT)
Place of publication, distribution, etc Anand
Name of publisher, distributor, etc Charotar
Date of publication, distribution, etc 1983
300 ## - PHYSICAL DESCRIPTION
Extent 214 p.
650 #0 - SUBJECT ADDED ENTRY--TOPICAL TERM
Topical term or geographic name as entry element Mechanical Drawing
942 ## - ADDED ENTRY ELEMENTS (KOHA)
Item type Books
Holdings
Withdrawn status Lost status Source of classification or shelving scheme Damaged status Not for loan Permanent location Current location Date acquired Full call number Barcode Date last seen Koha item type
          IMU Kolkata IMU Kolkata 2020-06-09 604.2 B5755 06030 2020-06-09 Books
          IMU Kolkata IMU Kolkata 2020-06-09 604.2 B5755 06031 2020-06-09 Books
Designed and Maintained by IMU-KC Library, Kolkata Campus © Copyright All Rights Reserved

webs counters

Powered by Koha